Length and area. (Record no. 6977)
[ view plain ]
| 000 -LEADER | |
|---|---|
| fixed length control field | 00870cam a22002892 4500 |
| 001 - CONTROL NUMBER | |
| control field | 6977 |
| 003 - CONTROL NUMBER IDENTIFIER | |
| rucl marc code | UkOxU |
| 005 - DATE AND TIME OF LATEST TRANSACTION | |
| control field | 20211208234340.0 |
| 008 - FIXED-LENGTH DATA ELEMENTS--GENERAL INFORMATION | |
| fixed length control field | 130114s1948 nyu b 000 0 eng |
| 035 ## - SYSTEM CONTROL NUMBER | |
| System control number | OCLC ocm00523103 from D971015M |
| 040 ## - CATALOGING SOURCE | |
| Original cataloging agency | DLC |
| Transcribing agency | WSU |
| Modifying agency | OCL |
| -- | EQO |
| Language of cataloging | eng |
| 041 ## - LANGUAGE CODE | |
| Language code of text/sound track or separate title | eng |
| 051 ## - LIBRARY OF CONGRESS COPY, ISSUE, OFFPRINT STATEMENT | |
| Classification number | QA611 |
| Item number | .R3 |
| Copy information | Copy 2. |
| 082 ## - DEWEY DECIMAL CLASSIFICATION NUMBER | |
| Classification number | 513.83 |
| Author mark and year | RAL 1948 |
| 100 1# - MAIN ENTRY--PERSONAL NAME | |
| Personal name | Radó, Tibor, |
| Dates associated with a name | 1895- |
| 9 (RLIN) | 21881 |
| 245 10 - TITLE STATEMENT | |
| Title | Length and area. |
| 260 ## - PUBLICATION, DISTRIBUTION, ETC. (IMPRINT) | |
| Place of publication, distribution, etc. | New York : |
| Name of publisher, distributor, etc. | American Mathematical Society, |
| Date of publication, distribution, etc. | 1948. |
| 300 ## - PHYSICAL DESCRIPTION | |
| Pagination | v, 572 p. |
| Size | 26 cm. |
| 490 1# - SERIES STATEMENT | |
| Series statement | Colloquium publications (American Mathematical Society), |
| Volume/sequential designation | v. 30 |
| 504 ## - BIBLIOGRAPHY, ETC. NOTE | |
| Bibliography, etc | Bibliography: p. 562-569. |
| 650 #0 - SUBJECT ADDED ENTRY--TOPICAL TERM | |
| Topical term or geographic name as entry element | Topology. |
| 9 (RLIN) | 21882 |
| 830 #0 - SERIES ADDED ENTRY--UNIFORM TITLE | |
| Volume number/sequential designation | v. 30 |
| Uniform title | Colloquium publications (American Mathematical Society), |
| 942 ## - ADDED ENTRY ELEMENTS (KOHA) | |
| Source of classification or shelving scheme | Dewey Decimal Classification |
| Koha item type | Books |
| Lost status | Source of classification or shelving scheme | Damaged status | Not for loan | Collection code | Permanent Location | Current Location | Shelving location | Date acquired | Source of acquisition | Cost, normal purchase price | Total Checkouts | Full call number | Date last seen | Copy number | Koha item type |
|---|---|---|---|---|---|---|---|---|---|---|---|---|---|---|---|
| Dewey Decimal Classification | Not For Loan | Non-fiction | Central Library, University of Rajshahi | Central Library, University of Rajshahi | 10/08/1956 | Suimpkin marshall | 2.14 | 513.83 RAL 1948 | 13/01/2014 | C-1 | Books |